000 00295nam a2200109Ia 4500
008 200302s9999 xx 000 0 und d
100 _aP. J. A. Howard
245 _aAn Introduction to environmental pattern analysis
260 _bThe Parhenon Publishing Group
260 _c1992
300 _a254 P.,
999 _c5403
_d5403